[Event "Las Vegas National op"]
[Site "Las Vegas"]
[Date "2015.06.20"]
[Round "4"]
[White "Zaloznyy, Mike"]
[Black "Vela Gonzalez, Norberto"]
[Result "0-1"]
[WhiteElo "2131"]
[BlackElo "2123"]
[PlyCount "72"]
[EventDate "2015.06.19"]
[EventType "swiss"]
[EventRounds "6"]
[EventCountry "USA"]
[SourceTitle "CBM 167 Extra"]
[Source "ChessBase"]
[SourceDate "2015.09.14"]
[SourceVersion "1"]
[SourceVersionDate "2015.09.14"]
[SourceQuality "1"]

1. e4 c5 2. a3 e6 3. b4 cxb4 4. axb4 Bxb4 5. Bb2 Nf6 6. e5 Nd5 7. c4 Nf4 8. Qg4 Ng6 9. h4 h5 10. Qg3 Nc6 11. Bd3 Rh6 12. Nf3 d6 13. 0-0 dxe5 14. Nxe5 Ngxe5 15. Bxe5 Nxe5 16. Qxe5 Qxd3 17. Qb5+ Bd7 18. Qxb7 Rc8 19. Qxb4 Qxc4 20. Qxc4 Rxc4 21. f4 Rg6 22. Kh2 Rf6 23. g3 Rc7 24. Ra5 g6 25. Nc3 Rf5 26. Rxf5 gxf5 27. Re1 Bc6 28. Re5 Rd7 29. Nb1 Be4 30. Rb5 Rb7 31. Nc3 Rxb5 32. Nxb5 Kd7 33. Nxa7 Bd3 34. Kg1 Kc7 35. Kf2 Kb7 36. Ke3 Kxa7 0-1

[Event "Las Vegas National op"]
[Site "Las Vegas"]
[Date "2015.06.19"]
[Round "1"]
[White "Vela Gonzalez, Norberto"]
[Black "Kiewra, Keaton F"]
[Result "0-1"]
[WhiteElo "2123"]
[BlackElo "2409"]
[PlyCount "122"]
[EventDate "2015.06.19"]
[EventType "swiss"]
[EventRounds "6"]
[EventCountry "USA"]
[SourceTitle "CBM 167 Extra"]
[Source "ChessBase"]
[SourceDate "2015.09.14"]
[SourceVersion "1"]
[SourceVersionDate "2015.09.14"]
[SourceQuality "1"]

1. d4 Nf6 2. c4 g6 3. Nc3 Bg7 4. e4 d6 5. Nge2 Nbd7 6. Ng3 e5 7. d5 Qe7 8. Be2 a5 9. h4 h5 10. Bg5 Bh6 11. Qd2 Bxg5 12. Qxg5 Nc5 13. 0-0-0 Nfd7 14. Nb5 Qxg5+ 15. hxg5 Kd8 16. Rh4 b6 17. f3 Ba6 18. Nc3 Ke7 19. Rdh1 Rag8 20. Nf1 f6 21. gxf6+ Nxf6 22. g4 g5 23. R4h2 h4 24. Ne3 Bc8 25. Nb5 Bd7 26. b3 Ne8 27. Kb2 Bxb5 28. cxb5 Kd8 29. a3 Ng7 30. b4 Nb7 31. Rc1 Rf8 32. Rc6 Kd7 33. Bd1 axb4 34. axb4 Ra8 35. Rhc2 Ne8 36. Nf5 Ra7 37. Rh2 Rg8 38. Bb3 Ng7 39. Rhc2 Nd8 40. Re2 Nf7 41. Rec2 Nh8 42. Rc1 Ng6 43. Rh1 Nf4 44. Rc3 Nxf5 45. exf5 Rh8 46. Bc4 Ra4 47. Ra3 Rxa3 48. Kxa3 Ke7 49. Rh2 Kf6 50. Kb2 e4 51. fxe4 Ke5 52. Kc3 Kxe4 53. Rh1 h3 54. f6 Ke5 55. f7 Kf6 56. Kd4 Kxf7 57. Rh2 Kf6 58. Bf1 Rh4 59. Bxh3 Rxh3 60. Rc2 Rd3+ 61. Ke4 Rxd5 0-1

[Event "Mexican op 54th"]
[Site "Aguascalientes"]
[Date "2008.03.23"]
[Round "9"]
[White "Vela Gonzalez, Norberto"]
[Black "Ibarra Chami, Luis Fernando"]
[Result "0-1"]
[WhiteElo "2184"]
[BlackElo "2364"]
[PlyCount "82"]
[EventDate "2008.03.18"]
[EventType "swiss"]
[EventRounds "9"]
[EventCountry "MEX"]
[SourceTitle "CBM 123 Extra"]
[Source "ChessBase"]
[SourceDate "2008.05.06"]
[SourceVersion "1"]
[SourceVersionDate "2008.05.06"]
[SourceQuality "1"]

1. d4 d5 2. c4 e6 3. Nc3 Bb4 4. Qa4+ Nc6 5. a3 Bxc3+ 6. bxc3 Nge7 7. Bg5 0-0 8. e3 Bd7 9. cxd5 exd5 10. Qc2 f6 11. Bf4 Bf5 12. Bd3 Bxd3 13. Qxd3 Na5 14. Ne2 Qd7 15. 0-0 Ng6 16. Bg3 Rfe8 17. h4 Ne7 18. h5 c6 19. Bf4 Nf5 20. g4 Nd6 21. Bxd6 Qxd6 22. Ng3 Qe6 23. Qe2 Nc4 24. Kg2 Nd6 25. a4 f5 26. gxf5 Nxf5 27. Rh1 Rf8 28. Nxf5 Rxf5 29. Rh3 Raf8 30. Rf1 a5 31. Rg3 b5 32. Qg4 Qf7 33. f4 Rxh5 34. axb5 cxb5 35. Rb1 Rb8 36. Qe2 b4 37. cxb4 axb4 38. e4 Rh4 39. Rf1 dxe4 40. Qxe4 b3 41. d5 b2 0-1